| 000 | 00385nam a2200145Ia 4500 | ||
|---|---|---|---|
| 008 | 230917s9999||||xx |||||||||||||| ||und|| | ||
| 040 |
_e48834 _aMAIN |
||
| 041 | _aEnglish | ||
| 082 | _a822.33 S15G:S | ||
| 100 | _aGoldman, Michael | ||
| 245 | 0 | _aShakespeare and the energies of drama | |
| 260 |
_aPrinceton _bPrinceton University Press _c1972 |
||
| 300 | _aix, 176 p. | ||
| 942 | _cBK | ||
| 999 |
_c148805 _d148805 |
||